Industrial Metal - Meistgehörte Bands auf Spotify - Statistiken

Allgemein
  • Dieses Quiz wurde 14 mal gespielt
  • Das Durchschnittsergebnis liegt bei 3 aus 50
Antwortstatistiken
Nr Band Monatliche Hörer % Korrekt
1 Rammstein 12,878,801
93%
20 Eisbrecher 490,588
36%
23 OOMPH! 382,844
36%
11 Fear Factory 748,954
21%
2 Marilyn Manson 6,916,037
14%
16 Ministry 639,553
14%
3 Nine Inch Nails 5,058,557
14%
6 Static-X 1,655,150
14%
31 Combichrist 265,165
7%
17 Killing Joke 587,369
7%
12 KMFDM 745,546
7%
14 Lindemann 711,159
7%
27 Lord Of The Lost 319,145
7%
30 Mono Inc. 276,351
7%
42 Swans 179,104
7%
7 White Zombie 1,492,430
7%
36 3TEETH 202,727
0%
44 6EJOU 172,835
0%
50 Aesthetic Perfection 149,698
0%
22 And One 387,281
0%
48 Ashbury Heights 154,670
0%
24 Blue Stahli 369,901
0%
35 Blutengel 204,960
0%
13 Celldweller 727,934
0%
43 Clan of Xymox 173,683
0%
29 Emigrate 289,148
0%
15 Fantasm 699,963
0%
5 Filter 1,713,283
0%
9 Gary Numan 960,994
0%
38 Genitorturers 194,627
0%
4 HEALTH 1,901,449
0%
46 How To Destroy Angels 159,428
0%
47 Infeed 159,180
0%
19 INNERGATE 514,344
0%
25 Juul Exler 369,843
0%
34 LS41 207,641
0%
37 Noisuf-X 198,502
0%
21 Orange Sector 447,953
0%
10 Orgy 767,897
0%
18 PAIN 563,841
0%
8 Powerman 5000 1,130,868
0%
45 SIERRA 159,779
0%
40 SLVL 185,609
0%
32 Stabbing Westward 242,764
0%
26 The Birthday Massacre 322,243
0%
41 Toxic Machinery 179,276
0%
49 Turmion Kätilöt 151,480
0%
28 VNV Nation 291,886
0%
39 Wolfsheim 186,595
0%
33 Zardonic 230,676
0%
Keine übereinstimmenden Quizze gefunden
Verteilung der Resultate
Anzahl Personen mit jedem Resultat
Perzentil nach korrekt beantworteten Fragen
Ihre Resultats-Entwicklung
Sie haben dieses Quiz noch nicht gespielt